LEADER 01147nam a2200277 u 4500 001 000000041248 003 CaOOAMICUS 005 20070226114207.0 008 981119s1984 it u000 u ita u 035 $a10808334 040 $aIPA$bita$dPUL(R) 100 1 $aFeola, Raffaele.$0(OLS)http://pul/name/30373 245 13$aLa monarchia amministrativa :$bil sistema del contenzioso nelle Sicilie /$cRaffaele Feola. 260 $aNapoli :$bJovene,$c1984. 300 $axvi, 334 p. ;$c21 cm 490 1 $aStoria e diritto.$aStudi ;$v14 500 $aContiene indici. 504 $aBibliografia in nota. 651 4$aSicilia (regno)$xStoria.$0(OLS)http://pul/subject/3571 830 0$aStoria e diritto.$pStudi ;$v14.$0(OLS)http://pul/title/9591 850 $aPUL 852 $aPUL$W1$xSL Diritto e Scienze Sociali 1$y4$m182 I 8$j55917$nBK-PRI$b $qStampati$B55917$CPULBib$Z2$F55917 $H $81 941 1 $a8 961 $aINV: 68137 996 $6245$aLa monarchia amministrativa :$bil sistema del contenzioso nelle Sicilie$9(OLS)http://pul/title/55672 996 $6260$aNapoli :$bJovene$9(OLS)http://pul/publisher/47845 LEADER 01591nam a2200325 u 4500 001 000000053401 003 CaOOAMICUS 005 20070226115545.0 008 001115s1998 it u000 u eng u 035 $a10861273 040 $aPUL$bita 100 1 $aChinkanda, Henry.$0(OLS)http://pul/name/38015 245 13$aAn inculturizing evangelization in the Malawian context :$bunderlining narrative-role in pastoral praxis /$cHenry Chinkanda. 260 $aRoma :$b[s.n.],$c1998. 300 $avii, 137 p. ;$c24 cm 490 1 $aUniversità pontificia salesiana. Facoltà di teologia. Tesi di dottorato ;$vn. 408 500 $aEstratto di Diss. -- Pontificia Università salesiana. 504 $a"Bibliography": p. [114]-124. 650 4$aEvangelizzazione$zMalawi.$0(OLS)http://pul/subject/22067 710 2 $aPontificia Università Salesiana.$0(OLS)http://pul/name/7805 830 0$aTesi di dottorato (Pontificia Università salesiana. Facoltà di teologia) ;$vn. 408.$0(OLS)http://pul/title/71612 850 $aPUL 852 $aPUL$W1$xDP1 Tesi Pon. Univ. Salesiana$y46$mTH SAL 408$j70470$nBK-PRI$b $qTesi$B70470$CPULBib$Z2$F70470 $H $81 910 $aPontificio Ateneo Salesiano$97805 910 $aPontificio Ateneo Salesiano$97805 910 $aUniversità Pontificia Salesiana$97805 941 1 $a16 961 $aINV: 82725 996 $6245$aAn inculturizing evangelization in the Malawian context :$bunderlining narrative-role in pastoral praxis$9(OLS)http://pul/title/71646 996 $6260$aRoma :$b[s.n.]$9(OLS)http://pul/publisher/47958